Thália uvedie premiéru hry Cval po krvavom poli

Bibliographic Details
Format: Article
Language:Slovak
PhysicalDescription:Fotogr.
ISSN:1335-4566
Subjects:

MARC

LEADER 00000nab a2200000 a 4500
001 vtls008856520
003 SK-MaSNL
005 20260303212138.0
008 061020c20061020xo drz 0 0slo
038 |a KEVKJB 
040 |a KEVKJB  |b slo  |c KEVKJB  |e AACR2 
041 0 |a slo 
044 |a xo  |c SK 
080 |a 792.2  |x (=511.141)  |2 2001 
245 0 0 |a Thália uvedie premiéru hry Cval po krvavom poli  |c (ato) 
300 |b Fotogr. 
600 1 7 |a Görgey, Gábor  |d 1929-  |t Cval po krvavom poli  |2 kevkjb  |9 1244582 
610 2 7 |a Divadlo Thália (Košice, Slovensko)  |2 kevkjb  |9 31809 
651 7 |a Košice (Slovensko)  |2 kevkjb  |9 18694 
773 0 |t Košický denník Korzár  |g Roč. IX, č. 242 (20.10.2006), s. 4  |x 1335-4566 
852 |a KEVKJB  |b KIS3GCP 
958 |a HU 
999 |c 2205813  |d 2207743